| 000 | nam a22 7a 4500 | ||
|---|---|---|---|
| 999 |
_c56440 _d56440 |
||
| 005 | 20231030122431.0 | ||
| 008 | 200915b xxu||||| |||| 00| 0 eng d | ||
| 040 | _aANE | ||
| 041 | _aEs | ||
| 100 | _aOsorio Caballero,Marìa Isabel | ||
| 245 | _aTesis Integración Comercial | ||
| 260 | _c2013 | ||
| 300 | _a214 p. | ||
| 856 | _uhttp://documentacion.asambleanacional.gob.ec/alfresco/d/d/workspace/SpacesStore/4f23c18d-62a4-4314-bbdb-55bf5d4bd35b/TESIS%20INTEGRACI%c3%93N%20COMERCIAL.pdf | ||
| 942 |
_2ddc _cBV _zNr. |
||